Normal view
MARC view
- Civilization, Ancient.
Entry Topical Term
001 - CONTROL NUMBER
- control field: 5364
003 - CONTROL NUMBER IDENTIFIER
- control field: NUST
005 - DATE AND TIME OF LATEST TRANSACTION
- control field: 20171012101320.0
008 - FIXED-LENGTH DATA ELEMENTS
- fixed length control field: 171012|| aca||aabn | a|a d
040 ## - CATALOGING SOURCE
- Original cataloging agency: NUST
- Transcribing agency: NUST
150 ## - HEADING--TOPICAL TERM
- Topical term or geographic name entry element: Civilization, Ancient.
670 ## - SOURCE DATA FOUND
- Source citation: Work cat.: (NUST)329051: Khan, Mubarak Ali. 4808, Tahzīb kī kahānī /, 2006.
